|
|
|
|
| LEADER |
00885cam a2200229 7i4500 |
| 001 |
0000031616 |
| 005 |
20140826090000.0 |
| 020 |
0 |
0 |
|a 9770126817004
|
| 090 |
0 |
0 |
|a M 330.9
|b MIN
|
| 110 |
2 |
0 |
|a Ministry of Finance Malaysia
|
| 245 |
2 |
0 |
|a Economic report 2013/2014.
|
| 260 |
0 |
0 |
|a Putrajaya:
|b Ministry of Finance Malaysia,
|c 2013.
|
| 300 |
# |
# |
|a 197p.
|
| 650 |
0 |
0 |
|a Economic conditions --
|z Malaysia
|
| 651 |
0 |
0 |
|a Malaysia
|
| 999 |
|
|
|a JHR000391B
|b Book
|c Malaysia
|e MATRADE Southern Regional Office
|
| 999 |
|
|
|a B000034573
|b Book
|c Malaysia
|e Business Information Centre
|
| 999 |
|
|
|a B000034574
|b Book
|c Malaysia
|e Business Information Centre
|
| 999 |
|
|
|a PNG001101B
|b Book
|c Malaysia
|e MATRADE Northern Regional Office
|
| 999 |
|
|
|a SBH001068B
|b Book
|c Malaysia
|e MATRADE Sabah
|
| 999 |
|
|
|a SRW000495B
|b Book
|c Malaysia
|e MATRADE Sarawak
|
| 999 |
|
|
|a TRG000379B
|b Book
|c Malaysia
|e MATRADE Eastern Regional Office
|